000
00330 a2200157 4500
001
62874
020
_a
9788576764243
040
_c
Anchieta - Pituba
100
_a
Melis, Alberto
240
1
0
_a
O Ășltimo Yeti
_l
por
245
1
0
_a
O Ășltimo Yeti
300
_a
179
362
0
_a
2011
650
4
_a
Literatura juvenil
942
_c
BK
999
_c
62874
_d
62874